大相撲 年寄名跡 - Statistics

General Stats
  • This quiz has been taken 274 times
  • The average score is 32 of 105
Answer Stats
Answer % Correct
宮城野
82%
伊勢ヶ濱
75%
時津風
70%
高砂
68%
佐渡ヶ嶽
67%
二所ノ関
67%
八角
67%
九重
62%
武蔵川
61%
鳴戸
56%
荒磯
54%
伊勢ノ海
54%
井筒
54%
立浪
54%
二子山
54%
春日野
53%
木瀬
53%
錣山
51%
浅香山
50%
出羽海
48%
47%
追手風
46%
田子ノ浦
46%
藤島
46%
荒汐
45%
43%
阿武松
43%
大島
43%
大嶽
43%
尾車
43%
音羽山
42%
陸奥
42%
片男波
41%
境川
41%
安治川
40%
春日山
40%
中村
39%
放駒
39%
間垣
39%
大鳴戸
37%
芝田山
34%
千賀ノ浦
34%
東関
33%
常盤山
33%
友綱
33%
朝日山
32%
式秀
32%
振分
32%
玉ノ井
31%
押尾川
30%
高田川
30%
錦戸
29%
北陣
28%
武隈
28%
花籠
27%
秀ノ山
27%
尾上
26%
立田川
26%
陣幕
25%
三保ヶ関
25%
入間川
23%
清見潟
23%
湊川
23%
山響
21%
不知火
20%
若松
19%
鏡山
18%
白玉
18%
待乳山
18%
峰崎
18%
大山
17%
松ヶ根
17%
君ヶ濱
16%
粂川
16%
小野川
15%
千田川
15%
立田山
15%
西岩
15%
錦島
15%
桐山
14%
熊ヶ谷
14%
岩友
13%
立川
13%
稲川
12%
浦風
12%
高島
12%
甲山
11%
竹縄
11%
出来山
11%
中川
11%
二十山
11%
山科
11%
枝川
10%
勝ノ浦
10%
高崎
10%
谷川
10%
中立
10%
立山
9%
関ノ戸
8%
若藤
8%
浜風
7%
玉垣
6%
山分
6%
左ノ山
5%
富士ヶ根
5%
No matching quizzes found
Score Distribution
Percent of People with Each Score
Percentile by Number Answered
Your Score History
You have not taken this quiz